| 000 | 00833cam a22002411 4500 | ||
|---|---|---|---|
| 999 |
_c130307 _d130307 |
||
| 001 | 9369192 | ||
| 003 | ARRUPE | ||
| 005 | 20200206091004.0 | ||
| 008 | 731024s1961 nyua 000 0beng | ||
| 010 | _a 61014680 | ||
| 035 | _a(OCoLC)727098 | ||
| 040 |
_aDLC _cOKentU _dOCoLC _dOrOnT _dDLC |
||
| 050 | 0 | 0 |
_aDC216.4 _b.W95 |
| 100 | 1 |
_aWright, Constance. _949381 |
|
| 245 | 1 | 0 |
_aDaughter to Napoleon; _ba biography of Hortense, Queen of Holland. _cConstance Wright |
| 250 | _a[1st ed.] | ||
| 260 |
_aLondon, _bAlvin Redman _c[1961] |
||
| 300 |
_a436 p. _billus. _c22 cm. |
||
| 600 | 0 | 0 |
_aHortense, _cQueen, consort of Louis Bonaparte, King of Holland, _d1783-1837. _949382 |
| 600 | 0 | 0 |
_aNapoleon _bI, _cEmperor of the French, _d1769-1821 _xFamily. _949155 |
| 906 |
_a7 _bcbc _coclcrpl _du _encip _f19 _gy-gencatlg |
||
| 942 |
_2lcc _cMONOGRAPH |
||